EVERY EMPIRE IN HISTORY!!!! - Statistics

General Stats
  • This quiz has been taken 42 times
  • The average score is 29 of 152
Answer Stats
Hint Answer % Correct
Empire British
86%
Empire Roman
83%
Empire Ottoman
81%
Empire Mongol
78%
Empire Russian
78%
Empire Spanish
78%
Colonial Empire French
75%
Empire Portuguese
75%
Empire Italian
72%
Empire Japan
69%
Colonial Empire | Confederation | Empire German
67%
Dual Monarchy Austria-Hungary
61%
Colonial Empire Dutch
61%
Colonial Empire Belgian
56%
Empire Aztec
53%
Empire Byzantine
53%
Empire Korean
50%
New Kingdom Egypt
47%
Empire Inca
47%
Empire Swedish
47%
Empire Brazil
44%
Colonial Empire Danish
44%
Empire Holy Roman
44%
Empire Mali
42%
Empire Mughal
39%
Empire Assyrian
33%
Kingdom Macedonia
31%
Empire Maurya
31%
Empire Achaemenid
28%
Empire Khmer
28%
Empire Ethiopian
25%
Empire Ghana
25%
Empire Gupta
25%
Kingdom Armenia
22%
Kingdom Georgia
22%
Khanate Golden Horde
22%
Kingdom Hungary
22%
Empire Hunnic
22%
Dictatorship Nazi Germany
22%
Empire Vietnam
22%
Empire Akkadian
19%
Empire Austrian
19%
Empire Chola
19%
Empire Majapahit
19%
Empire Neo Babylonian
19%
Empire North Sea
19%
Empire Parthian
19%
Empire Seleucid
19%
Empire Tibetan
19%
Empire Carthaginian
17%
Empire Durrani
17%
Empire Seljuk
17%
Empire Songhai
17%
Empire Timurid
17%
Empire Western Roman
17%
Khaganate Avar
14%
Empire Ghaznavid
14%
Monarchy Habsburg
14%
Empire Latin
14%
Confederacy Maratha
14%
Kingdom Median
14%
Empire Sikh
14%
Kingdom Benin
11%
First Empire | Second Empire Haiti
11%
Empire Hittite
11%
Union Iberian
11%
Empire Khwarazmian
11%
Kingdom Kush
11%
Kingdom Nepal
11%
Empire Omani
11%
Empire Pala
11%
Empire Second French
11%
Empire Serbian
11%
Colony British Raj
8%
Empire Central African
8%
Empire Elamite
8%
Empire Kong
8%
Empire Kushan
8%
Empire Nanda
8%
Kingdom Ostrogothic
8%
Empire Oyo
8%
Kingdom Pagan
8%
Kingdom Ptolemaic
8%
Empire Samanid
8%
Empire Sur
8%
Empire Toltec
8%
Empire Tu'i Tonga
8%
Empire Wari
8%
Empire Angevin
6%
Kingdom Ayutthaya
6%
Empire First Bulgarian
6%
Empire First French
6%
Empire First Mexican
6%
Khaganate First Turkic
6%
States Funan
6%
Empire Gallic
6%
Kingdom Goryeo
6%
Empire Hephthalite
6%
Empire Jolof
6%
Kingdoms Kaabu
6%
Empire Nicaea
6%
Empire Purepecha
6%
Empire Sasanian
6%
Empire Second Bulgarian
6%
Empire Second Mexican
6%
Empire Shunga
6%
Empire Vijayanagara
6%
Empire Asante
3%
Empire Aulikara
3%
Empire Bamana
3%
Empire Britannic
3%
Sultanate Bruneian
3%
Empire Charles V
3%
Kingdom Chenla
3%
Tribe Chimor
3%
Kingdon Francia
3%
Empire Gaza
3%
Kingdom Goguryeo
3%
Kingdom Hoysala
3%
Empire Kanem-Bornu
3%
Empire Magadhan
3%
Empire Massina
3%
Kingdom Odrysian
3%
Empire Palmyrene
3%
Kingdom Pontus
3%
Dynasty Qara Khitai
3%
Kingdom Rattanakosin
3%
Empire Samo's
3%
Dynasty Shu Han
3%
Kingdom Singhasari
3%
Empire Thessalonica
3%
Empire Trebizond
3%
Empire Tukulor
3%
Empire Wassoulou
3%
Dynasty Afsharid Iran
0%
Empire Akuwamu
0%
Kingdom Aq Qoyunlu
0%
City State Classical Athens
0%
Republic Genonese
0%
Duchy Grand Duchy of Lithuania
0%
Empire Great Fulo
0%
Kingdom Great Moravia
0%
Colonial Empire Hospitaller
0%
Empire Neo-Sumerian
0%
Empire Old Babylonian
0%
Kingdom Old Great Bulgaria
0%
Empire Rovzi
0%
Dynasty Safavid Iran
0%
Empire Western Chalukya
0%
No matching quizzes found
Score Distribution
Percent of People with Each Score
Percentile by Number Answered
Your Score History
You have not taken this quiz